00773cam a2200193 a 450000100100000000500170001000800410002708200180006810000300008624501150011626000590023130000270029049000430031750000540036065100450041471000630045983000440052204000130056600000116920200929145507.0860731s1956 cu a 000 0 spa  a972.91bR459l1 aReyna Cossío, René E.13aEl Lazo de la invasión, 24-31 de diciembre, 1895 :bestudio histórico-militar /cRené E. Reyna Cossío. aHabana :bOficina del Historiador de la Ciudad,c1956. a32 p. :bil. ;c23 cm.1 aCuadernos de historia habaneravno. 61 aNotas preliminares de Emilio Roig de Leuchsenring 4aCubaxHistoriayREVOLUCIÓN, 1895-1898.2 aSociedad Cubana de Estudios Históricos e Internacionales 0aCuadernos de historia habanera;vno. 61 aDO-SdBNP